Teuerste Transfers vom VfL Bochum (Verkäufe) - Statistiken

Allgemein
  • Dieses Quiz wurde 133 mal gespielt
    62 seit der letzten Aktualisierung
  • Das Durchschnittsergebnis liegt bei 7 aus 14
Antwortstatistiken
Saison Ablöse in Mio Neuer Verein Spieler % Korrekt
22/23 11 Southampton Armel Bella-Kotchap
90%
13/14 3,25 Schalke Leon Goretzka
85%
24/25 4,8 Freiburg Patrick Osterhage
79%
22/23 3,5 Mainz Maxim Leitsch
67%
07/08 4,7 Leverkusen Theofanis Gekas
63%
98/99 2,6 Hertha Dariusz Wosz
58%
04/05 3,5 Leverkusen Paul Freier
52%
16/17 3 Stuttgart Simon Terodde
48%
04/05 2 Bayern Vahid Hashemian
48%
11/12 2,2 Ankaragücü Stanislav Sestak
37%
15/16 3 Hamburg Michael Gregoritsch
31%
03/04 2,5 Hannover Thomas Christiansen
27%
01/02 3,25 Leverkusen Yildiray Bastürk
21%
99/00 2,5 Schalke Tomasz Waldoch
17%
Keine übereinstimmenden Quizze gefunden
Verteilung der Resultate
Anzahl Personen mit jedem Resultat
Perzentil nach korrekt beantworteten Fragen
Ihre Resultats-Entwicklung
Sie haben dieses Quiz seit der letzten Aktualisierung nicht gespielt